Handbook of global environmental politics
Αποθηκεύτηκε σε:
| Άλλοι συγγραφείς: | |
|---|---|
| Μορφή: | Βιβλίο |
| Γλώσσα: | English |
| Δημοσίευση: |
Cheltenham, UK :
Edward Elgar,
2005
|
| Θέματα: | |
| Ετικέτες: |
Προσθήκη ετικέτας
Δεν υπάρχουν, Καταχωρήστε ετικέτα πρώτοι!
|
MARC
| LEADER | 00000nam a2200000 i 4500 | ||
|---|---|---|---|
| 001 | 1/90669 | ||
| 008 | 080708s2005 eng d | ||
| 020 | |a 978-1-84720-004-4 (pbk.) | ||
| 020 | |a 1-84720-004-4 (pbk.) | ||
| 035 | |l 10098789 | ||
| 040 | |a GR-MY-UA |b gre |e aacr | ||
| 041 | 0 | |a eng | |
| 082 | 0 | |a 333.72 |2 (22) | |
| 245 | 1 | 0 | |a Handbook of global environmental politics / |c edited by Peter Dauvergne |
| 260 | |a Cheltenham, UK : |b Edward Elgar, |c 2005 | ||
| 300 | |a xvii, 538 σ.; |b εικ., πίν., διαγρ.; |c 23 εκ. | ||
| 504 | |a Περιέχει βιβλιογραφικές παραπομπές και ευρετήριο | ||
| 650 | 0 | 0 | |a Environmental policy. |
| 700 | 1 | |a Dauvergne, Peter. |4 edt | |
| 852 | |a INST |b LESVOS |e 20080708 |h 333.72 HAN |p 005100042199 |q 005100042199 |t BK |y 0 | ||
| 901 | |a BIBL1-2008-2 | ||
| 909 | |a Λ |b 143363 | ||
| 922 | |a 1ΕΛΗ |b 200712 |c ΕΠΕΑΕΚ2/ΤΠ |d ΕΛΕΥΘΕΡΟΥΔΑΚΗΣ | ||
| 970 | |a ΓΙΑΛΑΜΑ |b ΜΑΡΙΑ |z 2008/07/08 | ||